1591 1608 1613 1587 1887 1437 1552 1077 1698 1565 1490 1894 1561 1877 1083 1165 1859 1425 1282 1020 1356 1842 1461 1174 1663 1422 1065 1783 1448 1694 1419 1206 1633 1751 1644 1085 1229 1908 1847 1851 1821 1661 1587 1513 1102 1567 1066 1801 1405 1615 1322 1048 1626 1243 1037 1982 1365 1744 1085 1987 1463 1710 1327 1228 1062 1781 1542 1937 1786 1641 1273 1681 1264 1590 1681 1538 1131 1672 1759 1189 1742 1206 1800 1452 1323 1407 1715 1235 1512 1328 1403 1336 1114 1993 1909 1696 1152 1935 1044 BCNSPRNW ULIB Ver.6.0+V

เปลี่ยนเป็นภาษาไทย

Change to English
 แสดงรายละเอียดบรรณานุกรม
  กลับหน้าหลัก

Brief Record : Get Marc (ISO 2709) : E-mail record : QR code < ปิดหน้าต่าง
LEADER : 00000nam 2200000uu 4500
001    13399114849
003     ULIB
008    020711s|||| th a 000 0 tha d
100    ^aคณะทำงานโครงการวิจัยผู้สูงอายุ
110    ^aกระทรวงสาธารณะสุข.^bกรมสุขภาพจิต^bดรงพยาบาลจิตเวชนครสวรรค์.
245    ^aการศึกษาอัตราความชุกของภาวะสมองเสื่ม ภาวะซึมเศร้า และปัจจัยที่มีผลต่อภาวะสมองเสื่ม ภาวะซึมเศร้า ของผู้สูงอายุในจังหวัดนครสวรรค์/^cคณะทำงานโครงการวิจัยผู้สูงอายุ
260    ^aนครสวรรค์ :^bดรงพยาบาลจิตเวชนครสวรรค์,^cม.ป.ป.
945    ^p0^l0^i020412
999    ^aวรรณษา ชูชัยมงคล
รายการนี้ยังไม่มีแท็ก
คุณยังไม่ได้ล็อกอิน คุณสามารถมีกิจกรรมร่วมกับเว็บไซต์ได้ แต่ต้องล็อกอินก่อน ::
  ล็อกอิน

รายการสื่อสารสนเทศ

ลำดับที่ ประเภท เลขเรียก/บาร์โค้ด สถานที่ สถานะ
1. งานวิจัย
งานวิจัย
 ฉ.1 
  Barcode: 020412
ห้องสมุดวิทยาเขตสวรรค์ประชารักษ์
►วิจัย
บนชั้น

BibComment


ยังไม่เคยถูกคอมเมนท์

คอมเมนท์ทรัพยากรรายการนี้
  คอมเมนท์: การศึกษาอัตราควา..


 Copyright 2026. Bcnsprnw @Library